All Lionel Richie Songs - Statistics

General Stats
  • This quiz has been taken 3 times
  • The average score is 14 of 123
Answer Stats
Hint Answer % Correct
Can't Slow Down All Night Long (All Night)
100%
Endless Love: Original Motion Picture Soundtrack Endless Love (With Diana Ross)
100%
Can't Slow Down Hello
100%
Dancing On The Ceiling Say You, Say Me
100%
Dancing On The Ceiling Dancing On The Ceiling
67%
Back To Front My Destiny
67%
Dancing On The Ceiling Se La
67%
Can't Slow Down Stuck On You
67%
Lionel Richie Truly
67%
Lionel Richie You Are
67%
Non-Album Single All Night Long 2011 (ft Guy Sebastian)
33%
Renaissance Angel
33%
Dancing On The Ceiling Ballerina Girl
33%
Can't Slow Down Can't Slow Down
33%
Dancing On The Ceiling Deep River Woman
33%
Back To Front Do It To Me
33%
Just For You Just For You
33%
Time Lady
33%
Sounds Of The Season Little Drummer Boy
33%
Dancing On The Ceiling Love Will Conquer All
33%
Lionel Richie My Love
33%
Can't Slow Down Penny Lover
33%
Can't Slow Down Running With The Night
33%
Sounds Of The Season Silent Night
33%
Time Time
33%
Renaissance Tonight
33%
Dancing On The Ceiling Tonight Will Be Alright
33%
Coming Home All Around The World
0%
Louder Than Words Amo T'Amo T'Amo (Italian Bonus Track)
0%
Louder Than Words Can't Get Over You
0%
Louder Than Words Change
0%
Renaissance Cinderella
0%
Louder Than Words Climbing
0%
Just For You Dance For The World
0%
Renaissance Dance The Night Away
0%
Dancing On The Ceiling Don't Stop
0%
Renaissance Don't Stop The Music
0%
Louder Than Words Don't Wanna Lose You
0%
Renaissance Don't You Ever Go Away
0%
Just For You Do Ya (With Daniel Bedingfield)
0%
Just Go Eternity
0%
Time Everytime
0%
Just Go Face In The Crowd (With Trijntje Oosterhuis)
0%
Just Go | Time Forever
0%
Just Go Forever And A Day
0%
Encore Goodbye
0%
Just Go Good Morning
0%
Sounds Of The Season Have Yourself A Merry Little Christmas
0%
Just For You Heaven
0%
Renaissance Here Is My Heart
0%
Renaissance How Long
0%
Coming Home I Apologize (European Bonus Track)
0%
Coming Home I Call It Love
0%
Renaissance I Forgot
0%
Time I Hear Your Voice
0%
Coming Home I Love You
0%
Coming Home I'm Coming Home
0%
Just Go I'm In Love
0%
Coming Home I'm Missing Her (European Bonus Track)
0%
Just Go I'm Not Okay
0%
Just For You In My Dreams
0%
Just Go Into You Deep
0%
Just For You I Still Believe
0%
Renaissance It May Be The Water
0%
Louder Than Words I Wanna Take You Down
0%
Sounds Of The Season Joy To The World
0%
Renaissance Just Can't Say Goodbye
0%
Just Go Just Go (ft Akon)
0%
Lionel Richie Just Put Some Love In Your Heart
0%
Just For You Just To Be With You Again
0%
Just For You Long Long Way To Go
0%
Back To Front Love Oh Love
0%
Louder Than Words Lovers At First Sight
0%
Can't Slow Down Love Will Find A Way
0%
Dancing On The Ceiling Night Train (Smooth Alligator) (Bonus Track)
0%
Louder Than Words Nothing Else Matters
0%
Just Go Nothing Left To Give (ft Akon)
0%
Louder Than Words Now You're Gone
0%
Sounds Of The Season O Come All Ye Faithful
0%
Just For You One World
0%
Louder Than Words Ordinary Girl
0%
Coming Home Out Of My Head
0%
Just For You Outrageous
0%
Louder Than Words Paradise
0%
Just Go Pastime
0%
Louder Than Words Piece Of Love
0%
Renaissance Piece Of My Heart
0%
Coming Home Reason To Believe
0%
Just For You Road To Heaven
0%
Lionel Richie Round And Round
0%
Louder Than Words Say I Do
0%
Lionel Richie Serves You Right
0%
Just For You She's Amazing
0%
Time Someday
0%
Just Go Somewhere In London
0%
Coming Home Stand Down
0%
Time Stay
0%
Louder Than Words Still In Love
0%
Coming Home Sweet Vacation
0%
Lionel Richie Tell Me
0%
Renaissance Tender Heart
0%
Time (That's) The Way I Feel
0%
Sounds Of The Season The Christmas Song
0%
Time The Closest Thing To Heaven
0%
Sounds Of The Season The First Noel
0%
Can't Slow Down The Only One
0%
Just For You The World Is A Party
0%
Just Go Think Of You
0%
Just Go Through My Eyes
0%
Just For You Time Of Our LIfe (ft Lenny Kravitz)
0%
Encore To Love A Woman (ft Enrique Iglesias)
0%
Time To The Rhythm
0%
Time Touch
0%
Coming Home Up All Night
0%
Lionel Richie Wandering Stranger
0%
Renaissance Wasted Time
0%
Louder Than Words What Do They Know (Japanese Bonus Track)
0%
Coming Home What You Are
0%
Coming Home Why
0%
Sounds Of The Season Winter Wonderland
0%
Lionel Richie You Mean More To Me
0%
Time Zoomin'
0%
No matching quizzes found
Score Distribution
Percent of People with Each Score
Percentile by Number Answered
Your Score History
You have not taken this quiz